| 000 | 02236cam a22005654i 4500 | ||
|---|---|---|---|
| 003 | PE-LiUPU | ||
| 005 | 20250731180050.0 | ||
| 008 | 140313s2006 cl ao r 001 0 spa d | ||
| 020 | _a9781405315302 | ||
| 035 | _a(Sirsi) i9781405315302 | ||
| 040 |
_aPE-LiUPU _bspa _cPE-LiUPU _erda |
||
| 049 | _aPRUA | ||
| 082 | 0 | 4 |
_a578.734 _bM26 _223 |
| 100 | 1 |
_aMarent, Thomas, _eautor. |
|
| 245 | 1 | 0 |
_aSelva tropical : _bun viaje fotográfico / _cThomas Marent y Ben Morgan. |
| 264 | 1 |
_aSantiago de Chile : _bCosar Editores, _c2006 |
|
| 300 |
_a360 páginas : _bilustraciones fotografías ; _c30 centímetros |
||
| 336 |
_atext _2rdacontent |
||
| 337 |
_aunmediated _2rdamedia |
||
| 338 |
_avolume _2rdacarrier |
||
| 505 | 0 | _aRainforest Fundation en Reino Unido. La pasión de un fotógrafo. Panorama. Diversidad. Supervivencia. Ciclos de vida. Sociedad. Bosques tropicales del mundo. Fotografiando la selva tropical. Índice y agradecimientos. | |
| 526 | _aSEG44 | ||
| 526 | _aSEG26 | ||
| 526 | _aP159 | ||
| 526 | _aP155 | ||
| 526 | _aP154 | ||
| 526 | _aP153 | ||
| 526 | _aP150 | ||
| 526 | _aP100 | ||
| 526 | _aP31 | ||
| 526 | _aP30 | ||
| 526 | _aP26 | ||
| 526 | _aP25 | ||
| 526 | _aP24 | ||
| 526 | _aP22 | ||
| 526 | _aP15 | ||
| 526 | _aP10 | ||
| 650 | 1 | 4 | _aHistoria natural |
| 700 | 1 |
_aMorgan, Ben, _eautor. |
|
| 910 | _ajck | ||
| 942 |
_2ddc _cBOOK |
||
| 949 |
_a578.734 M26 _wDEWEY _c1 _i69247 _lCCODEBUL1 _mBUL _p54.00 _r0 _sY _tBOOK _u2015-7-6 _xINGENIERIA _PP24 _0COMPRA _o.STAFF. Colección General |
||
| 949 |
_a578.734 M26 _wDEWEY _c2 _i70060 _lCCODEBUL1 _mBUL _p50.00 _r0 _sY _tBOOK _u2015-7-6 _xINGENIERIA _PP24 _0COMPRA _o.STAFF. Colección General |
||
| 994 |
_aC0 _bPEPRU |
||
| 596 | _a1 | ||
| 999 |
_a578.734 M26 _wDEWEY _c5940 _i69247 _f2021-11-9 _g7 _lCCODEBUL1 _mBUL _p54.00 _r0 _sY _tBOOK _u2015-7-6 _xINGENIERIA _PP24 _0COMPRA _o.STAFF. Colección General _d5940 |
||
| 999 |
_a578.734 M26 _wDEWEY _c2 _i70060 _f2021-11-9 _g7 _lCCODEBUL1 _mBUL _p50.00 _r0 _sY _tBOOK _u2015-7-6 _xINGENIERIA _PP24 _0COMPRA _o.STAFF. Colección General |
||
| 980 |
_81 _gALBERTO SANCHEZ Responsable de Automatización |
||